01279nam a2200265 a 450000100100000000500170001000800410002702000150006804000250008304100130010810000260012124000900014724501660023726000620040330000420046549000320050750000290053950400190056853400980058770000450068583000390073095201110076995201160088099900170099600002547120200930023819.0110216s1986 mx a r 000 0 spa d a9688580686 aDO-SdBNPbspacBNPHU17aspaheng1 aOuchi, William95209410aThe M-form society : how american teamwork can recapture the competitive.lEspañol.10aSociedad M :bmayor competividad a través del trabajo en equipo entre gobierno y empresas privadas /cWilliam Ouchi ; traducción Francisco J. Calca Pellicer. aMéxico, D. F. :bFondo Educativo Interamericano,c1986. axvi, 299 p. :bil., diagrs. ;c24 cm.1 aLibros de interés general aApéndices : p.221-287. aBibliografía aTítulo original:tThe M-form society : how american teamwork can recapture the competitive.1 aCalca Pellicer, Francisco J.etr.952095 0aLibros de interés general952096 001054708MOaGRbGRcCTd2011-02-16iLF1l0o p25471-10r2020-06-25w2020-06-25y4ZPréstamo en sala 001054728MOaGRbGRcCTd2011-02-16iLF1l0o p25471-20r2020-06-25te.2w2020-06-25y4ZPréstamo en sala c24963d24963